01076 a2200169 4500003000500000005001700005010001600022020003300038040000900071082001700080245007200097260007000169300003700239505056900276650003500845700002600880Nust20220815151111.0 a 95007037 a0849383412 (acid-free paper) cNust00a621.3815,CIR04aThe circuits and filters handbook /ceditor-in-chief, Wai-Kai Chen. aBoca Raton, Fla. :bCRC Press ;a[New York] :bIEEE Press,c1995. axviii, 2861 p. :bill. ;c27 cm. aMathematics (Page-1), Circuits Components and Their Characterization (Page-261), General Circuits Theory (Page-401), Linear Circuit Analysis (Page-597), Feedback Circuits (Page-799), Nonlinear Circuits (Page-901), Nonlinear Circuits ii (Page-1009), Distributed Circuits (Page-1165), Stability Analysis (Page-1245),Computer Aided Design and optimization (Page-1373), Analog Integrated circuits (Page-1489), Digital and analog VLSI (Page-1781),Filter Characteristics (Page-2129), Passive Filters (Page-2239), Active Filters (Page-2337), Digital Filters (Page-2523). 0aTelecommunication Engineering.1 aChen, Wai-Kai,d1936-